[Event "Berlin Werner Ott op"]
[Site "Berlin"]
[Date "2019.06.29"]
[Round "8"]
[White "Schulz, Olaf"]
[Black "Matthes, Benjamin"]
[Result "1-0"]
[WhiteElo "1963"]
[BlackElo "1737"]
[PlyCount "109"]
[EventDate "2019.06.22"]
[EventType "swiss"]
[EventRounds "9"]
[EventCountry "GER"]
[SourceTitle "EXT 2022"]
[Source "ChessBase"]
[SourceDate "2021.10.06"]
[SourceVersion "1"]
[SourceVersionDate "2021.10.06"]
[SourceQuality "1"]

1. d4 d5 2. c4 e6 3. cxd5 exd5 4. Nf3 c5 5. g3 Nc6 6. Bg2 Nf6 7. 0-0 c4 8. Ne5 Be7 9. Nxc6 bxc6 10. Nc3 0-0 11. Qc2 Be6 12. Bg5 h6 13. Bxf6 Bxf6 14. Rfd1 Rb8 15. Na4 Qe7 16. e3 Bg4 17. Rd2 Qb4 18. Nc5 Qa5 19. h3 Bf5 20. Qc3 Qxc5 21. g4 Bg6 22. dxc5 Bxc3 23. bxc3 Bd3 24. Bf1 Bxf1 25. Kxf1 Rfe8 26. Ke2 Rb5 27. a4 Rb3 28. Rc2 Re5 29. a5 Re8 30. a6 Reb8 31. e4 R8b5 32. exd5 cxd5 33. c6 Rb6 34. c7 Rc6 35. Ra5 Rxc7 36. Rxd5 Rc6 37. Rd8+ Kh7 38. Rd7 Re6+ 39. Kd2 Rxa6 40. Rxf7 Rd6+ 41. Ke2 Rd3 42. Ra2 Rbxc3 43. Raxa7 Rc2+ 44. Kf1 Kg6 45. h4 c3 46. Rxg7+ Kf6 47. Rae7 Rc1+ 48. Ke2 Rd2+ 49. Kf3 Rf1 50. Rgf7+ Kg6 51. Rg7+ Kf6 52. Rgf7+ Kg6 53. Kg3 Rg1+ 54. Kh3 c2 55. h5+ 1-0

[Event "Berlin Werner Ott op"]
[Site "Berlin"]
[Date "2019.06.23"]
[Round "2"]
[White "Schulz, Olaf"]
[Black "Zeitz, Philip"]
[Result "1/2-1/2"]
[WhiteElo "1963"]
[BlackElo "2202"]
[PlyCount "107"]
[EventDate "2019.06.22"]
[EventType "swiss"]
[EventRounds "9"]
[EventCountry "GER"]
[SourceTitle "EXT 2022"]
[Source "ChessBase"]
[SourceDate "2021.10.06"]
[SourceVersion "1"]
[SourceVersionDate "2021.10.06"]
[SourceQuality "1"]

1. d4 d5 2. Nf3 Nf6 3. Bf4 c6 4. e3 Bg4 5. h3 Bxf3 6. gxf3 e6 7. Rg1 Nbd7 8. c3 c5 9. dxc5 Nxc5 10. Bb5+ Ncd7 11. Be5 a6 12. Bxf6 Qxf6 13. Bxd7+ Kxd7 14. f4 Rc8 15. Nd2 Bd6 16. Rg5 h6 17. Rg4 g6 18. Qa4+ Ke7 19. Qd4 Qxd4 20. cxd4 Rc2 21. Kd1 Rxb2 22. Rb1 Rxb1+ 23. Nxb1 Rc8 24. f3 Rc4 25. Rg2 b5 26. Rd2 Kd7 27. Rd3 Kc7 28. Nd2 Ra4 29. Rc3+ Kb6 30. Rc2 a5 31. Ke2 Rb4 32. Kd3 a4 33. Kc3 a3 34. Kd3 Ra4 35. Rc8 Ra7 36. Nb3 Ra4 37. Nd2 h5 38. Rc2 Ra7 39. Nb3 Ra8 40. Nd2 Rg8 41. Nb3 Bb4 42. Rc1 Rb8 43. Rc2 Rb7 44. Na1 Rc7 45. Rxc7 Kxc7 46. Nc2 Bd6 47. Kc3 Kb6 48. Kb3 Ka5 49. Nxa3 Bxa3 50. Kxa3 b4+ 51. Kb3 Kb5 52. e4 f6 53. h4 f5 54. e5 1/2-1/2

[Event "Berlin Lichtenberger op 17th"]
[Site "Berlin"]
[Date "2018.08.25"]
[Round "8"]
[White "Bruening, Wolfgang"]
[Black "Schulz, Olaf"]
[Result "0-1"]
[WhiteElo "1841"]
[BlackElo "2014"]
[PlyCount "42"]
[EventDate "2018.08.18"]
[EventType "swiss"]
[EventRounds "9"]
[EventCountry "GER"]
[SourceTitle "CBM 186 Extra"]
[Source "ChessBase"]
[SourceDate "2018.08.24"]
[SourceVersion "1"]
[SourceVersionDate "2018.08.24"]
[SourceQuality "1"]

1. Nf3 d5 2. d4 c6 3. Bf4 Nf6 4. e3 Qb6 5. b3 g6 6. Bd3 Bg4 7. h3 Bxf3 8. gxf3 Nbd7 9. Nd2 Bg7 10. c3 Nh5 11. Bh2 e5 12. Rg1 0-0-0 13. Qc2 f5 14. Bxf5 gxf5 15. Qxf5 exd4 16. cxd4 Bxd4 17. 0-0-0 Bf6 18. Qxh5 Qc5+ 19. Nc4 dxc4 20. Qxc5 Nxc5 21. bxc4 Nd3+ 0-1

[Event "Berlin Werner Ott op"]
[Site "Berlin"]
[Date "2018.07.06"]
[Round "7"]
[White "Schulz, Olaf"]
[Black "Dathe, Frederick"]
[Result "0-1"]
[WhiteElo "2019"]
[BlackElo "1895"]
[PlyCount "182"]
[EventDate "2018.06.30"]
[EventType "swiss"]
[EventRounds "9"]
[EventCountry "GER"]
[SourceTitle "CBM 185 Extra"]
[Source "ChessBase"]
[SourceDate "2018.07.29"]
[SourceVersion "1"]
[SourceVersionDate "2018.07.29"]
[SourceQuality "1"]

1. d4 Nf6 2. Nf3 g6 3. c4 Bg7 4. Nc3 c5 5. e4 0-0 6. Be2 d6 7. 0-0 cxd4 8. Nxd4 Nc6 9. Be3 Bd7 10. a3 a5 11. f3 Nxd4 12. Bxd4 a4 13. Qd2 Qa5 14. Rfd1 Rfc8 15. Rac1 Be6 16. Nb1 Qxd2 17. Nxd2 Nd7 18. Bxg7 Kxg7 19. Rc3 Rc6 20. f4 Nc5 21. Rdc1 Rac8 22. g4 Rb6 23. R1c2 f6 24. Kf2 Bf7 25. Ke3 e5 26. f5 g5 27. Kf2 h6 28. Re3 Be8 29. Ke1 Kf8 30. Kd1 Ra8 31. Kc1 Bc6 32. Rcc3 Kf7 33. Bd1 Ke7 34. Bc2 Kf7 35. Kb1 Rba6 36. Ka2 Ke7 37. h4 Kf7 38. hxg5 hxg5 39. Rh3 Kg7 40. Rce3 R6a7 41. Nb1 Ra6 42. Nc3 Rd8 43. Re1 Raa8 44. Rd1 b6 45. Kb1 Rab8 46. Kc1 Ra8 47. Kd2 Rh8 48. Rdh1 Rxh3 49. Rxh3 Rh8 50. Rxh8 Kxh8 51. Nd5 Kg7 52. Nxb6 Nxe4+ 53. Bxe4 Bxe4 54. Ke3 Bc6 55. Nd5 Bxd5 56. cxd5 Kf7 57. Kd3 Ke7 58. Kc4 Kd7 59. Kb5 e4 60. Kc4 Kc7 61. Kd4 Kb6 62. Kxe4 Kc5 63. Kd3 Kxd5 64. b3 axb3 65. Kc3 Ke4 66. Kxb3 Ke3 67. Kc4 Ke4 68. Kc3 Ke3 69. Kc4 Ke4 70. a4 d5+ 71. Kc5 d4 72. a5 d3 73. a6 d2 74. a7 d1Q 75. a8Q+ Kf4 76. Qe8 Qc2+ 77. Kd4 Kxg4 78. Qe6 Qxf5 79. Qe2+ Qf3 80. Qe1 Kh3 81. Qe7 g4 82. Qh7+ Kg2 83. Qh6 f5 84. Ke5 f4 85. Kf5 g3 86. Qd6 Qe3 87. Qd5+ f3 88. Kg4 Kh2 89. Qh5+ Kg1 90. Kh3 f2 91. Qg5 f1Q+ 0-1

[Event "Berlin Werner Ott op"]
[Site "Berlin"]
[Date "2018.07.02"]
[Round "3"]
[White "Schulz, Olaf"]
[Black "Ahmadinia, Ebrahim"]
[Result "0-1"]
[WhiteElo "2019"]
[BlackElo "2415"]
[PlyCount "68"]
[EventDate "2018.06.30"]
[EventType "swiss"]
[EventRounds "9"]
[EventCountry "GER"]
[SourceTitle "CBM 185 Extra"]
[Source "ChessBase"]
[SourceDate "2018.07.29"]
[SourceVersion "1"]
[SourceVersionDate "2018.07.29"]
[SourceQuality "1"]

1. d4 Nf6 2. Nf3 g6 3. Bf4 Bg7 4. e3 d6 5. Be2 0-0 6. h3 Nbd7 7. 0-0 Ne4 8. Nbd2 Nxd2 9. Qxd2 e5 10. dxe5 dxe5 11. Bg5 f6 12. Bh4 Qe7 13. Rfd1 Nb6 14. e4 Be6 15. b3 Qa3 16. Qc3 Rac8 17. Rd3 a5 18. Rad1 Qb4 19. Qxb4 axb4 20. c4 Ra8 21. c5 Nc8 22. R3d2 Ra5 23. Rc2 Na7 24. Nh2 Nc6 25. f3 Nd4 26. Rxd4 exd4 27. Be1 Rfa8 28. c6 b6 29. a4 Bxb3 30. Rb2 Be6 31. Bb5 Rxb5 32. axb5 b3 33. Bf2 f5 34. exf5 gxf5 0-1

[Event "Berlin Lichtenberger op 13th"]
[Site "Berlin"]
[Date "2014.08.24"]
[Round "9"]
[White "Schulz, Olaf"]
[Black "Scheide, Helmut"]
[Result "0-1"]
[WhiteElo "2029"]
[BlackElo "1947"]
[PlyCount "80"]
[EventDate "2014.08.16"]
[EventType "swiss"]
[EventRounds "9"]
[EventCountry "GER"]
[SourceTitle "CBM 161 Extra"]
[Source "ChessBase"]
[SourceDate "2014.08.29"]
[SourceVersion "1"]
[SourceVersionDate "2014.08.29"]
[SourceQuality "1"]

1. d4 Nf6 2. c4 e6 3. Nc3 Bb4 4. e3 c5 5. a3 Bxc3+ 6. bxc3 Nc6 7. d5 Ne7 8. Bd3 exd5 9. cxd5 Nfxd5 10. Ne2 Nf6 11. e4 d5 12. exd5 Qxd5 13. 0-0 0-0 14. Nf4 Qc6 15. Re1 Ned5 16. Nxd5 Qxd5 17. c4 Qc6 18. Bb2 Bg4 19. Qc2 h6 20. h3 Bd7 21. Re3 Rad8 22. Qc3 Rfe8 23. Rg3 Kh8 24. Bc2 Bc8 25. Ba4 Qxa4 26. Rxg7 Rd4 27. Rxf7 Qc6 28. Qc2 Rg8 29. f3 Bxh3 30. Bxd4 cxd4 31. Qd3 Rxg2+ 32. Kh1 Qd6 33. f4 Qxf4 34. Qxh3 Rg3 35. Qc8+ Rg8 36. Qh3 Qe4+ 37. Kh2 Ng4+ 38. Kg1 Ne3+ 39. Kf2 Rg2+ 40. Ke1 Nxc4+ 0-1

[Event "Berlin Lichtenberger op 13th"]
[Site "Berlin"]
[Date "2014.08.16"]
[Round "1"]
[White "Schulz, Olaf"]
[Black "Bullig, Reinhard"]
[Result "1-0"]
[WhiteElo "2029"]
[BlackElo "1772"]
[PlyCount "27"]
[EventDate "2014.08.16"]
[EventType "swiss"]
[EventRounds "9"]
[EventCountry "GER"]
[SourceTitle "CBM 161 Extra"]
[Source "ChessBase"]
[SourceDate "2014.08.29"]
[SourceVersion "1"]
[SourceVersionDate "2014.08.29"]
[SourceQuality "1"]

1. d4 d5 2. c4 c6 3. Nf3 Nf6 4. g3 dxc4 5. Bg2 Bf5 6. Nc3 h6 7. Ne5 Nbd7 8. Nxc4 Nb6 9. Ne5 Nbd5 10. Qb3 Bc8 11. e4 Qb6 12. exd5 Qxd4 13. Nf3 Qc5 14. Be3 1-0

[Event "Berlin Werner Ott op"]
[Site "Berlin"]
[Date "2014.07.07"]
[Round "3"]
[White "Schulz, Olaf"]
[Black "Kollberg, Lothar"]
[Result "1-0"]
[WhiteElo "1987"]
[BlackElo "2177"]
[PlyCount "37"]
[EventDate "2014.07.05"]
[EventType "swiss"]
[EventRounds "9"]
[EventCountry "GER"]
[SourceTitle "CBM 161 Extra"]
[Source "ChessBase"]
[SourceDate "2014.08.29"]
[SourceVersion "1"]
[SourceVersionDate "2014.08.29"]
[SourceQuality "1"]

1. d4 g6 2. e4 Bg7 3. Nf3 d6 4. b3 Bg4 5. Bb2 c5 6. c3 cxd4 7. cxd4 Qb6 8. Nbd2 Nc6 9. Be2 Nf6 10. d5 Nb8 11. 0-0 0-0 12. h3 Bxf3 13. Bxf3 Nbd7 14. Nc4 Qc7 15. Rc1 Rfc8 16. e5 Ne8 17. Nxd6 Qxc1 18. Bxc1 exd6 19. Bg4 1-0

[Event "Berlin Lichtenrade op 06th"]
[Site "Berlin"]
[Date "2010.10.24"]
[Round "9"]
[White "Schulz, Olaf"]
[Black "Radovanovic, Jovica"]
[Result "0-1"]
[WhiteElo "1955"]
[BlackElo "2305"]
[PlyCount "50"]
[EventDate "2010.10.16"]
[EventType "swiss"]
[EventRounds "9"]
[EventCountry "GER"]
[SourceTitle "CBM 138 Extra"]
[Source "ChessBase"]
[SourceDate "2010.10.29"]
[SourceVersion "1"]
[SourceVersionDate "2010.10.29"]
[SourceQuality "1"]

1. d4 Nf6 2. c4 e6 3. Nf3 b6 4. g3 Ba6 5. Qc2 c5 6. d5 exd5 7. cxd5 Bb7 8. e4 Qe7 9. Nc3 Nxd5 10. Nxd5 Bxd5 11. Ng5 h6 12. Be2 Bb7 13. Nxf7 Qxf7 14. Bf4 Nc6 15. Bc4 Qg6 16. 0-0-0 Nd4 17. Qc3 Be7 18. Rhe1 Bg5 19. Bd5 Bc6 20. b4 Bxf4+ 21. gxf4 Qd6 22. Qe3 Rf8 23. f5 Bxd5 24. exd5+ Kd8 25. bxc5 Qxc5+ 0-1

[Event "Berlin Lichtenrade op 06th"]
[Site "Berlin"]
[Date "2010.10.23"]
[Round "8"]
[White "Maahs, Erich"]
[Black "Schulz, Olaf"]
[Result "0-1"]
[WhiteElo "2124"]
[BlackElo "1955"]
[PlyCount "100"]
[EventDate "2010.10.16"]
[EventType "swiss"]
[EventRounds "9"]
[EventCountry "GER"]
[SourceTitle "CBM 138 Extra"]
[Source "ChessBase"]
[SourceDate "2010.10.29"]
[SourceVersion "1"]
[SourceVersionDate "2010.10.29"]
[SourceQuality "1"]

1. e4 e6 2. Qe2 Be7 3. Nf3 d5 4. d3 d4 5. g3 Nc6 6. Bg2 e5 7. a3 Nf6 8. b4 b5 9. 0-0 a5 10. bxa5 Rxa5 11. Nbd2 0-0 12. Bb2 Bg4 13. h3 Bxf3 14. Nxf3 Re8 15. Nh4 Qa8 16. f4 Bxa3 17. Bxa3 Rxa3 18. Rab1 Qa4 19. fxe5 Nxe5 20. Nf5 Ra2 21. Rf2 Ra1 22. Rbf1 Rxf1+ 23. Bxf1 Re6 24. Qd2 g6 25. Qg5 Qxc2 26. Qh6 Qxf2+ 27. Kxf2 Nfg4+ 28. hxg4 Nxg4+ 29. Ke2 Nxh6 30. Nxh6+ Kg7 31. Ng4 f5 32. Nf2 c5 33. g4 fxe4 34. Nxe4 c4 35. Kd2 b4 36. Kc2 b3+ 37. Kb2 c3+ 38. Kxb3 Rb6+ 39. Kc2 Rb2+ 40. Kc1 Ra2 41. Ng3 Rf2 42. Bh3 Rf3 43. Ne2 Rxh3 44. Nxd4 Rxd3 45. Ne6+ Kf6 46. Nc5 Re3 47. Kc2 Kg5 48. Nd7 h6 49. Nf8 Re7 50. Kxc3 Kf6 0-1

[Event "Berlin Lichtenrade op 06th"]
[Site "Berlin"]
[Date "2010.10.22"]
[Round "7"]
[White "Schulz, Olaf"]
[Black "Rolfes, Leon"]
[Result "1-0"]
[WhiteElo "1955"]
[BlackElo "1778"]
[PlyCount "80"]
[EventDate "2010.10.16"]
[EventType "swiss"]
[EventRounds "9"]
[EventCountry "GER"]
[SourceTitle "CBM 138 Extra"]
[Source "ChessBase"]
[SourceDate "2010.10.29"]
[SourceVersion "1"]
[SourceVersionDate "2010.10.29"]
[SourceQuality "1"]

1. d4 Nf6 2. c4 e6 3. Nc3 d5 4. Bg5 Be7 5. Nf3 c6 6. e3 Nbd7 7. Rc1 Ne4 8. Bxe7 Qxe7 9. cxd5 exd5 10. Nxe4 dxe4 11. Nd2 0-0 12. Qb3 Nb6 13. Qc2 f5 14. Bc4+ Be6 15. 0-0 Bd5 16. Bxd5+ Nxd5 17. Nc4 f4 18. exf4 Nxf4 19. Rce1 Qg5 20. g3 Rae8 21. Ne5 h5 22. h4 Nh3+ 23. Kg2 Nf4+ 24. Kh2 Qf5 25. Qxe4 Rxe5 26. dxe5 Qh3+ 27. Kg1 Qg4 28. e6 Nh3+ 29. Kg2 Nf4+ 30. Kh2 Ng6 31. Qxg4 hxg4 32. Re4 Re8 33. Rfe1 Nf8 34. Rxg4 Nxe6 35. Rge4 Kf7 36. Kh3 Nc7 37. Rxe8 Nxe8 38. Kg4 Nf6+ 39. Kf5 Nd5 40. Rd1 Ne7+ 1-0

[Event "Berlin Lichtenrade op 06th"]
[Site "Berlin"]
[Date "2010.10.21"]
[Round "6"]
[White "Kropman, Alexei"]
[Black "Schulz, Olaf"]
[Result "1/2-1/2"]
[WhiteElo "2055"]
[BlackElo "1955"]
[PlyCount "91"]
[EventDate "2010.10.16"]
[EventType "swiss"]
[EventRounds "9"]
[EventCountry "GER"]
[SourceTitle "CBM 138 Extra"]
[Source "ChessBase"]
[SourceDate "2010.10.29"]
[SourceVersion "1"]
[SourceVersionDate "2010.10.29"]
[SourceQuality "1"]

1. e4 e6 2. d4 d5 3. e5 c5 4. c3 Nc6 5. Nf3 Be7 6. Bd3 cxd4 7. cxd4 f6 8. Nc3 fxe5 9. dxe5 d4 10. Nb5 a6 11. Nbxd4 Nxe5 12. Nxe5 Qa5+ 13. Bd2 Qxe5+ 14. Ne2 Nf6 15. Bc3 Qg5 16. 0-0 0-0 17. Nd4 Nd5 18. Bd2 Qe5 19. Qg4 Nf4 20. Bc3 Nxd3 21. Nf3 h5 22. Nxe5 hxg4 23. Nxd3 Bf6 24. Ne5 Bxe5 25. Bxe5 Bd7 26. Rfd1 Bc6 27. Rd4 Rf5 28. Re1 Bd5 29. Rxg4 Rf7 30. a3 Rc8 31. Bc3 Rc4 32. Rxc4 Bxc4 33. Re4 Rd7 34. h4 Bd5 35. Rg4 Kh7 36. Kh2 Rf7 37. Kg3 g6 38. f3 Rf5 39. Rd4 Kh6 40. Kg4 Kh7 41. Rd1 Kh6 42. Rc1 Bc6 43. Re1 Bd5 44. Bd2+ Kh7 45. Bg5 Kg7 46. Rc1 1/2-1/2

[Event "Berlin Lichtenrade op 06th"]
[Site "Berlin"]
[Date "2010.10.20"]
[Round "5"]
[White "Schulz, Olaf"]
[Black "Cusnariov, Nikolai"]
[Result "1/2-1/2"]
[WhiteElo "1955"]
[BlackElo "2170"]
[PlyCount "116"]
[EventDate "2010.10.16"]
[EventType "swiss"]
[EventRounds "9"]
[EventCountry "GER"]
[SourceTitle "CBM 138 Extra"]
[Source "ChessBase"]
[SourceDate "2010.10.29"]
[SourceVersion "1"]
[SourceVersionDate "2010.10.29"]
[SourceQuality "1"]

1. d4 f5 2. g3 Nf6 3. Bg2 g6 4. Nh3 Bg7 5. Nf4 0-0 6. Nd2 e6 7. Nd3 d6 8. 0-0 Nbd7 9. c3 d5 10. Nf3 Ne4 11. Nfe5 Nxe5 12. Nxe5 Qe8 13. f3 Nd6 14. b3 Bd7 15. Qd2 Bb5 16. a4 Ba6 17. Ba3 Qd8 18. Rfe1 Re8 19. Rad1 Nf7 20. Nxf7 Kxf7 21. e4 Qd7 22. Qc2 Kg8 23. Bb2 Rad8 24. c4 c6 25. Kh1 Qd6 26. Re3 dxc4 27. bxc4 Qb4 28. Bf1 Qa5 29. Bc3 Qc7 30. Rde1 Qf7 31. e5 f4 32. gxf4 Qxf4 33. Qg2 Rd7 34. Re4 Qf5 35. Be2 b6 36. f4 Bb7 37. Bg4 Qf7 38. Qh3 Ba6 39. Qf1 c5 40. Rd1 cxd4 41. Rexd4 Rxd4 42. Bxd4 Qb7+ 43. Kg1 Qc6 44. Bf3 Qxc4 45. Qxc4 Bxc4 46. Rc1 Rc8 47. Bb7 Rb8 48. Bc6 Bb3 49. Rb1 Rc8 50. Bb7 Rc7 51. Rxb3 Rxb7 52. a5 b5 53. a6 Rd7 54. Be3 Rd1+ 55. Kf2 Ra1 56. Rxb5 Rxa6 57. Rb8+ Kf7 58. Rb7+ Kg8 1/2-1/2

[Event "Berlin op 08"]
[Site "Berlin"]
[Date "2006.08.27"]
[Round "9"]
[White "Schulz, Olaf"]
[Black "Bandsom, Olaf"]
[Result "1-0"]
[WhiteElo "1968"]
[BlackElo "1689"]
[PlyCount "71"]
[EventDate "2006.08.19"]
[EventType "swiss"]
[EventRounds "9"]
[EventCountry "GER"]
[SourceTitle "EXT 2007"]
[Source "ChessBase"]
[SourceDate "2006.11.23"]
[SourceVersion "1"]
[SourceVersionDate "2006.11.23"]
[SourceQuality "1"]

1. d4 d5 2. c4 e6 3. Nc3 Nf6 4. Bg5 Be7 5. Nf3 Nbd7 6. e3 a6 7. Rc1 dxc4 8. Bxc4 b5 9. Bd3 Bb7 10. 0-0 Nd5 11. Nxd5 Bxd5 12. Bxe7 Qxe7 13. e4 Bc4 14. Bxc4 bxc4 15. Qa4 0-0 16. Qxc4 Rfc8 17. Rc3 c5 18. d5 exd5 19. exd5 Ne5 20. Nxe5 Qxe5 21. Rfc1 a5 22. h3 Rab8 23. b3 h6 24. Qa6 Qxd5 25. Qxa5 Ra8 26. Qb6 Rxa2 27. Rxc5 Rxc5 28. Qxc5 Qd3 29. b4 g6 30. b5 Rb2 31. Qe5 Rb1 32. Rxb1 Qxb1+ 33. Kh2 Kf8 34. Qb8+ Ke7 35. Qc7+ Ke6 36. b6 1-0

[Event "Berlin op 08"]
[Site "Berlin"]
[Date "2006.08.26"]
[Round "8"]
[White "Jaeger, Andre"]
[Black "Schulz, Olaf"]
[Result "1-0"]
[WhiteElo "1990"]
[BlackElo "1968"]
[PlyCount "39"]
[EventDate "2006.08.19"]
[EventType "swiss"]
[EventRounds "9"]
[EventCountry "GER"]
[SourceTitle "EXT 2007"]
[Source "ChessBase"]
[SourceDate "2006.11.23"]
[SourceVersion "1"]
[SourceVersionDate "2006.11.23"]
[SourceQuality "1"]

1. d4 d5 2. c4 c6 3. cxd5 cxd5 4. Nc3 Nc6 5. Bf4 Nf6 6. e3 a6 7. Bd3 b5 8. Rc1 Bb7 9. Nf3 e6 10. 0-0 Bd6 11. Nxb5 Bxf4 12. exf4 axb5 13. Bxb5 Qb6 14. Qb3 Rc8 15. Ne5 Qxd4 16. Bxc6+ Bxc6 17. Nxc6 Qxf4 18. Qb5 Kf8 19. Qc5+ Ke8 20. Qe7# 1-0

[Event "Berlin op 08"]
[Site "Berlin"]
[Date "2006.08.24"]
[Round "6"]
[White "Engelhardt, Erhard"]
[Black "Schulz, Olaf"]
[Result "0-1"]
[WhiteElo "1641"]
[BlackElo "1968"]
[PlyCount "60"]
[EventDate "2006.08.19"]
[EventType "swiss"]
[EventRounds "9"]
[EventCountry "GER"]
[SourceTitle "EXT 2007"]
[Source "ChessBase"]
[SourceDate "2006.11.23"]
[SourceVersion "1"]
[SourceVersionDate "2006.11.23"]
[SourceQuality "1"]

1. f4 d5 2. Nf3 c5 3. b3 Nf6 4. Bb2 g6 5. e3 Bg7 6. Be2 0-0 7. 0-0 Nc6 8. Na3 a6 9. Ne5 Qc7 10. Nxc6 Qxc6 11. Bf3 b5 12. c4 e6 13. Nc2 Bb7 14. Be5 Qd7 15. Qe2 Rad8 16. Rfd1 dxc4 17. bxc4 Bxf3 18. gxf3 Qd3 19. Qxd3 Rxd3 20. Ne1 Rd7 21. cxb5 axb5 22. d3 Nd5 23. Kf2 Ra8 24. Bxg7 Kxg7 25. a3 Nc3 26. Rdc1 b4 27. Rc2 Rda7 28. Rb2 Rxa3 29. Rc1 Ra2 30. Rxa2 Rxa2+ 0-1

[Event "Berlin op 05"]
[Site "Berlin"]
[Date "2006.05.25"]
[Round "3"]
[White "Schulz, Olaf"]
[Black "Muench, Tobias"]
[Result "1-0"]
[WhiteElo "1921"]
[BlackElo "1613"]
[PlyCount "46"]
[EventDate "2006.05.24"]
[EventType "swiss"]
[EventRounds "7"]
[EventCountry "GER"]
[SourceTitle "EXT 2007"]
[Source "ChessBase"]
[SourceDate "2006.11.23"]
[SourceVersion "1"]
[SourceVersionDate "2006.11.23"]
[SourceQuality "1"]

1. d4 Nf6 2. Nf3 e6 3. c4 d5 4. Nc3 c6 5. Bg5 dxc4 6. a4 Bb4 7. e4 Bxc3+ 8. bxc3 Qa5 9. e5 Ne4 10. Bd2 Nxd2 11. Qxd2 b5 12. Qb2 Qb6 13. axb5 cxb5 14. Bxc4 Bd7 15. 0-0 Na6 16. Bd3 0-0 17. Qe2 Nc7 18. Rfb1 a6 19. c4 Bc6 20. c5 Qb7 21. Ng5 g6 22. Ra3 f6 23. Nxh7 Kxh7 1-0

[Event "Berlin op 09"]
[Site "Berlin"]
[Date "2004.10.11"]
[Round "6"]
[White "Hoppe, Frank"]
[Black "Schulz, Olaf"]
[Result "1-0"]
[WhiteElo "2044"]
[BlackElo "1916"]
[PlyCount "109"]
[EventDate "2004.09.06"]
[EventType "swiss"]
[EventRounds "7"]
[EventCountry "GER"]
[SourceTitle "EXT 2007"]
[Source "ChessBase"]
[SourceDate "2006.11.23"]
[SourceVersion "1"]
[SourceVersionDate "2006.11.23"]
[SourceQuality "1"]

1. e4 c5 2. c3 e6 3. d4 d5 4. e5 Bd7 5. Nf3 Qb6 6. Bd3 Nc6 7. 0-0 cxd4 8. cxd4 Nxd4 9. Nxd4 Qxd4 10. Nc3 Qxe5 11. Re1 Qb8 12. Nxd5 Bd6 13. Qg4 Kf8 14. Nf4 Nf6 15. Qh4 h6 16. Nh5 Be7 17. Nxf6 Bxf6 18. Qb4+ Be7 19. Qb3 Bc6 20. Be3 Qd6 21. Rad1 Qd5 22. Qxd5 Bxd5 23. b3 Bb4 24. Re2 Ke7 25. Bd4 Rhc8 26. f4 Bc3 27. Bxc3 Rxc3 28. f5 Rd8 29. Bb1 Bf3 30. Rxd8 Bxe2 31. Rd2 Rc1+ 32. Kf2 Ba6 33. Be4 exf5 34. Bd5 f4 35. Kf3 g5 36. Kg4 Re1 37. Bf3 Kf6 38. h4 Kg6 39. hxg5 h5+ 40. Kxf4 Re6 41. Rd7 Rb6 42. Be4+ Kg7 43. Bd5 Rb4+ 44. Be4 Kf8 45. Ke5 Rb5+ 46. Bd5 Ke8 47. Rc7 Ra5 48. b4 Ra3 49. Kd6 Kd8 50. Bb3 Bb5 51. Rxb7 Ra6+ 52. Ke5 Bc6 53. Rxf7 Bxg2 54. Rh7 Bf3 55. Rh6 1-0

[Event "Berlin op 09"]
[Site "Berlin"]
[Date "2004.10.01"]
[Round "5"]
[White "Schulz, Olaf"]
[Black "Schilly, Hans Joachim"]
[Result "1-0"]
[WhiteElo "1916"]
[BlackElo "1751"]
[PlyCount "55"]
[EventDate "2004.09.06"]
[EventType "swiss"]
[EventRounds "7"]
[EventCountry "GER"]
[SourceTitle "EXT 2007"]
[Source "ChessBase"]
[SourceDate "2006.11.23"]
[SourceVersion "1"]
[SourceVersionDate "2006.11.23"]
[SourceQuality "1"]

1. Nf3 d5 2. c4 d4 3. b4 a5 4. Bb2 axb4 5. Bxd4 Bg4 6. e3 b6 7. Be2 c5 8. Bb2 Nf6 9. 0-0 e6 10. d4 Be7 11. Nbd2 0-0 12. e4 Nbd7 13. d5 Ra7 14. d6 Bxd6 15. e5 Bxf3 16. Nxf3 Nxe5 17. Nxe5 Qc7 18. f4 Rd8 19. Qc2 Be7 20. Bf3 Rd6 21. g3 Nd7 22. Nxf7 Kxf7 23. Qxh7 Nf6 24. Bh5+ Nxh5 25. Qxh5+ Kf8 26. Qh8+ Kf7 27. Qxg7+ Ke8 28. Be5 1-0

[Event "Berlin op 09"]
[Site "Berlin"]
[Date "2004.09.20"]
[Round "3"]
[White "Schulz, Olaf"]
[Black "Klugow, Eckehard"]
[Result "1-0"]
[WhiteElo "1916"]
[BlackElo "1693"]
[PlyCount "51"]
[EventDate "2004.09.06"]
[EventType "swiss"]
[EventRounds "7"]
[EventCountry "GER"]
[SourceTitle "EXT 2007"]
[Source "ChessBase"]
[SourceDate "2006.11.23"]
[SourceVersion "1"]
[SourceVersionDate "2006.11.23"]
[SourceQuality "1"]

1. d4 e6 2. c4 d5 3. Nc3 Nf6 4. Bg5 Nbd7 5. Nf3 c6 6. e3 Be7 7. Rc1 0-0 8. Bd3 h6 9. Bh4 Re8 10. 0-0 dxc4 11. Bxc4 Nd5 12. Bg3 Bf6 13. e4 Nxc3 14. Rxc3 c5 15. e5 cxd4 16. Rd3 Be7 17. Rxd4 Qa5 18. a3 b5 19. b4 Qb6 20. Bb3 Nf8 21. Bh4 Bxh4 22. Nxh4 Qc7 23. Rd6 Qc3 24. Re1 Qb2 25. Rd3 Rb8 26. Bd5 1-0

[Event "Berlin op 09"]
[Site "Berlin"]
[Date "2004.09.06"]
[Round "1"]
[White "Schulz, Olaf"]
[Black "Riesenbeck, Marten"]
[Result "0-1"]
[WhiteElo "1916"]
[BlackElo "1664"]
[PlyCount "78"]
[EventDate "2004.09.06"]
[EventType "swiss"]
[EventRounds "7"]
[EventCountry "GER"]
[SourceTitle "EXT 2007"]
[Source "ChessBase"]
[SourceDate "2006.11.23"]
[SourceVersion "1"]
[SourceVersionDate "2006.11.23"]
[SourceQuality "1"]

1. d4 e6 2. c4 Nf6 3. Nc3 Bb4 4. e3 c5 5. Bd3 d5 6. Nge2 Nc6 7. 0-0 cxd4 8. exd4 dxc4 9. Bxc4 a6 10. Bf4 Bd6 11. d5 exd5 12. Nxd5 Ne5 13. Bb3 h6 14. Qd4 Nfd7 15. Ng3 g5 16. Nf5 Bc5 17. Qe4 gxf4 18. Qxf4 Kf8 19. Nxh6 Rh7 20. Bc2 Rg7 21. h4 Qxh4 22. Qxh4 Nf3+ 23. Kh1 Nxh4 24. Be4 Ng6 25. Kg1 Rh7 26. Nf5 Nh4 27. Ng3 Rg7 28. Rac1 Bd6 29. Nf5 Nxf5 30. Bxf5 Rg5 31. g4 Nc5 32. Ne3 Bxf5 33. Nxf5 Rxg4+ 34. Kh1 Be7 35. Rfe1 Ne6 36. a3 Re8 37. Rc3 Rf4 38. Re5 Bf6 39. Rh3 Bxe5 0-1

[Event "Berlin Unicorn op"]
[Site "Berlin"]
[Date "2004.05.21"]
[Round "4"]
[White "Prudlo, Simon"]
[Black "Schulz, Olaf"]
[Result "1-0"]
[WhiteElo "2141"]
[BlackElo "1845"]
[PlyCount "33"]
[EventDate "2004.05.??"]
[EventType "swiss"]
[EventRounds "7"]
[EventCountry "GER"]
[SourceTitle "CBM 100 Extra"]
[Source "ChessBase"]
[SourceDate "2004.07.06"]
[SourceVersion "2"]
[SourceVersionDate "2004.07.06"]
[SourceQuality "1"]

1. e4 c5 2. Nc3 Nc6 3. Nge2 d6 4. d4 cxd4 5. Nxd4 Nf6 6. Bc4 g6 7. Bb3 Bg7 8. f3 Qb6 9. Nde2 0-0 10. Bg5 Qc5 11. Qd2 b5 12. Be3 Qb4 13. a4 Qa5 14. Nxb5 Qd8 15. 0-0 Na5 16. Nxa7 Bd7 17. Ba2 1-0